000 00298nam a2200109Ia 4500
008 200302s9999 xx 000 0 und d
100 _aCamillo Sitte
245 _aCamillo Sitte The Birth of Modern City Planning
260 _bDover Publication Inc mineola /New Yark
260 _c1986
300 _a440
999 _c5255
_d5255